000 01129cam a2200301 a 4500
001 1848110
003 ARRUPE
005 20160504122341.0
008 811102s1980 ru b 000 0 eng
010 _a 81136119
015 _aUSSR***
040 _aDLC
_cDLC
_dDLC
041 1 _aengrus
043 _af------
_ae-ur---
050 0 0 _aDT38.9.S65
_bU86
082 0 0 _a947.08
_219
245 0 0 _aUSSR and countries of Africa :
_b(friendship, cooperation, support for the anti-imperialist struggle) /
_cgeneral editor, E.A. Tarabrin ; [translated from the Russian by David Fidlon and Stanislav Ponomarenko].
260 _aMoscow :
_bProgress Publishers,
_cc1980.
300 _a319 p.;
_c21 cm.
504 _aIncludes bibliographical references and index.
650 0 _aAfrica.
_y1960
_924326
_xEconomic Conditions
650 0 _aAfrica.
_y1960
_924327
_xPolitics
651 0 _aAfrica
_xRelations
_zSoviet Union.
_924329
651 0 _aSoviet Union
_xRelations
_zAfrica.
_924330
700 1 _aTarabrin, E. A. (ed.)
_q(Evgeniĭ Anatolʹevich)
_924331
906 _a7
_bcbc
_corignew
_d2
_encip
_f19
_gy-gencatlg
942 _2lcc
_cMONOGRAPH
999 _c124789
_d124789